header

WebSphere J2EE application development for the IBM @ server iSeries server (Record no. 211183)

MARC details
000 -LEADER
fixed length control field 01790nam a22003854a 4500
245 00 - TITLE STATEMENT
Title WebSphere J2EE application development for the IBM @ server iSeries server
250 ## - EDITION STATEMENT
Edition statement 1st ed.
260 ## - PUBLICATION, DISTRIBUTION, ETC. (IMPRINT)
Place of publication [Research Triangle Park, NC] :
Name of publisher IBM, International Technical Support Organization,
Year of publication 2002.
300 ## - PHYSICAL DESCRIPTION
Number of Pages xiv, 440 p. :
Other physical details ill.
490 1# - SERIES STATEMENT
Series statement IBM redbooks
500 ## - GENERAL NOTE
General note "May 2002."
General note "This edition applies to Version 4, Release 0, of WebSphere Application Server Advanced Edition for iSeries, Program number 5733-WA4, and Version 4, Release 0, of WebSphere Application Server Advanced single server edition for iSeries, Program number 5733-WS4, for use with the OS/400 V5R1"--T.p. verso.
General note "SG24-6559-00."
650 #0 - SUBJECT ADDED ENTRY--TOPICAL TERM
Topical Term Application software
Topical Term Java (Computer program language)
Topical Term Web site development
700 1# - ADDED ENTRY--PERSONAL NAME
Personal name Maatta, Bob.
856 40 - ELECTRONIC LOCATION AND ACCESS
Uniform Resource Identifier http://site.ebrary.com/lib/rucke/Doc?id=10112733

No items available.

© 2026 Rongo University
Contact us: librarian | system librarian | Rongo university